La psicología colectiva in fin de siglo más tarde : su disciplina, su conocimiento, su realidad /

Bajo el nombre amplio de Psicología colectiva, el texto presenta una versión completa de Psicología Social que da cuenta de un conocimiento involucrado en el tema, y de lo que se puede hacer cuando se sabe jugar seriamente con las ideas. Es un libro que habla de cómo pensar otra vez la psicología so...

Descripción completa

Detalles Bibliográficos
Autor principal: Fernández Christlieb, Pablo
Formato: Libro
Lenguaje:español
Publicado: Barcelona Anthropos 1994
Edición:1a. ed.
Colección:Autores, textos y temas. Psicología Psicología social 22
Materias:
Acceso en línea:

MARC

LEADER 00000cam a2200000 a 4500
001 003650
003 UAHC_CL
005 20170803115947.0
008 090421s1994 sp 000 spa
020 |a 8476584563 
040 |a UAHC_CL  |c UAHC_CL  |d UAHC_CL 
082 0 4 |a 302  |b F363  |2 20 
100 1 |a Fernández Christlieb, Pablo 
245 1 3 |a La psicología colectiva in fin de siglo más tarde :  |b su disciplina, su conocimiento, su realidad /  |c Pablo fernández Christlieb. 
250 |a 1a. ed. 
260 |b Anthropos  |a Barcelona  |c 1994 
300 |a 447 p. 
490 0 |a Autores, textos y temas. Psicología Psicología social  |v 22 
520 |a Bajo el nombre amplio de Psicología colectiva, el texto presenta una versión completa de Psicología Social que da cuenta de un conocimiento involucrado en el tema, y de lo que se puede hacer cuando se sabe jugar seriamente con las ideas. Es un libro que habla de cómo pensar otra vez la psicología social. 
521 |a Psicología social II 
650 4 |a PSICOLOGIA SOCIAL 
653 |a PSICOLOGIA 
658 |a González, Gabriela 
658 |a Jeanneret, Francisco 
900 |a 302 FERP 
942 |c BK 
952 |0 0  |1 0  |4 0  |6 302_000000000000000_FERP  |7 0  |8 General  |9 8142  |a BC  |b BC  |c General  |d 2017-08-03  |l 0  |o 302 FERP  |p 1371075  |r 2026-01-07 00:00:00  |t 1  |w 2017-08-03  |y BK 
952 |0 0  |1 0  |4 0  |6 302_000000000000000_FERP  |7 0  |8 General  |9 8143  |a BC  |b BC  |c General  |d 2017-08-03  |l 0  |o 302 FERP  |p 1371076  |r 2026-01-07 00:00:00  |t 2  |w 2017-08-03  |y BK 
952 |0 0  |1 0  |4 0  |6 302_000000000000000_FERP  |7 0  |8 General  |9 8144  |a BC  |b BC  |c General  |d 2017-08-03  |l 0  |o 302 FERP  |p 1371077  |r 2026-01-07 00:00:00  |t 3  |w 2017-08-03  |y BK 
999 |c 3650  |d 3650